Netaji Subhas Chandra Bose: (Record no. 56273)
[ view plain ]
| 000 -LEADER | |
|---|---|
| fixed length control field | 00760nam a22001937a 4500 |
| 005 - DATE AND TIME OF LATEST TRANSACTION | |
| control field | 20110905111035.0 |
| 010 ## - LCCN (DPL NO) | |
| LC control number | G-001264 |
| 020 ## - INTERNATIONAL STANDARD BOOK NUMBER | |
| International Standard Book Number | 9788190598033 |
| Terms of availability | 150.00 |
| 035 ## - SYSTEM CONTROL NUMBER | |
| System control number | G-001264 |
| 082 ## - DEWEY DECIMAL CLASSIFICATION NUMBER | |
| Classification number | 954.0841 |
| 100 ## - MAIN ENTRY--PERSONAL NAME | |
| Personal name | Mukherji, Barun |
| 245 ## - TITLE STATEMENT | |
| Title | Netaji Subhas Chandra Bose: |
| Remainder of title | concept of socialism and role in working class movement / |
| Statement of responsibility, etc | by Barun Mukherji |
| 260 ## - PUBLICATION, DISTRIBUTION, ETC. (IMPRINT) | |
| Place of publication, distribution, etc | Kolkata: |
| Name of publisher, distributor, etc | Bibliophil |
| Date of publication, distribution, etc | 2008 |
| 270 ## - ADDRESS | |
| Address | 206, Bidhan Sarani |
| City | Kolkata, |
| Postal code | 700006 |
| 300 ## - PHYSICAL DESCRIPTION | |
| Extent | 70p. |
| Other physical details | photos (B&W); |
| Dimensions | 23 cm (Hb) |
| 500 ## - GENERAL NOTE | |
| General note | Includes bibliographical references |
| 942 ## - ADDED ENTRY ELEMENTS (KOHA) | |
| Source of classification or shelving scheme | Dewey Decimal Classification |
| Item type | English Books |
| Classification part | 954.0841 |
| Call number suffix | MUK |
| Withdrawn status | Lost status | Not for loan | Collection code | Home library | Current library | Date acquired | Source of acquisition | Cost, normal purchase price | Full call number | Barcode | Copy number | Cost, replacement price | Koha item type |
|---|---|---|---|---|---|---|---|---|---|---|---|---|---|
| Non-fiction | Janak Puri | Janak Puri | 05/09/2011 | bppd/gift | 150.00 | 954.0841 MUK | G-001264 | 1 | 150.00 | English Books |
